| 000 | 00460nam a2200145 4500 | ||
|---|---|---|---|
| 008 | 161215b xxu||||| |||| 00| 0 eng d | ||
| 022 | _a0893-8989 | ||
| 082 | _aDPer 363.205 P75 May-Dec 2015 v. 39 | ||
| 245 | _aRedesigned and ready for duty/ | ||
| 260 |
_aCalifornia: _bBobit Business Media, _cc2015. |
||
| 300 |
_av39 n6, pages 28-32; _c28 cm. |
||
| 500 | _aPolice: the law enforcement magazine. | ||
| 650 | 0 |
_918731 _aPolice _xVehicles |
|
| 942 |
_2ddc _cPER |
||
| 999 |
_c6037 _d6037 |
||